000 01480cam a22004097a 4500
003 CHAP
005 20220329142633.0
008 010920d2001 mx r 00110 spa d
010 _a85958
011 _a86930
035 _a97470
040 _cCHAP
090 _aTesis
100 0 0 _aBetanzos Valenzuela, Oscar
_912071
245 1 0 _aErosión, productividad y sostenibilidad en los cultivos de maíz y frijol simulados por el modelo EPIC en la región Mixteca Alta de Oaxaca
_c/por Oscar Betanzos Valenzuela
260 _aChapingo, Méx. :
_bEl autor,
_c2002.
300 _a107 h. :
_bilus.
502 _aTesis (Ing. Agr. Esp. en Suelos) -- UACH. Departamento de Suelos
590 _aALEPH
_b10
_c20130110
_lUCH01
_h1447
590 _aBATCH-UPD
_b10
_c20130110
_lUCH01
_h1304
590 _aBATCH-UPD
_b10
_c20130410
_lUCH01
_h0820
590 _aBATCH-UPD
_b10
_c20130914
_lUCH01
_h1443
590 _aCONVERSION
_b10
_c20130109
_lUCH01
_h1348
650 1 4 _aFrijol
_xOaxaca.
_943414
650 1 4 _aLabranza de conservación.
_964308
650 1 4 _aLabranza.
_964303
650 1 4 _aMaíz
_zOaxaca.
_971100
650 1 4 _aModelos de simulación.
_976415
650 1 4 _aSistemas de producción.
_9106767
650 1 4 _aSuelos
_xErosión.
_9110357
650 1 4 _aSuelos
_xOaxaca.
_9110454
901 _aBK
905 _aAlejandra Carrasco M.
942 _cFOLL
949 _aTesis
_bBC
_cTES
_d33724000867552
_eTS2
_fc.2
_h39534
_i97470
_sm
949 _aTesis
_bBC
_cTES
_d974701
_eTS1
_h39533
_i97470
_sb
999 _c85958
_d85958